000
00328nam a2200133Ia 4500
008
191201s2009 xx 000 0 und d
100
_a
Deswal, Surinder
245
0
_a
Basic of Biotechnology
250
_a
Rep.
260
_c
2009
_b
Dhanpat Rai Pubns (P) Ltd
_a
N.Delhi
300
_a
misc
650
_a
APPLIED
942
_2
ddc
_c
BB
_0
4
999
_c
7307
_d
7307